000 00431nam a2200169Ia 4500
008 230524s9999 xx 000 0 und d
082 _a5
_bCOO
100 _aAlan Cooper
245 4 _aThe Essentials of Interaction Design
250 _aIST
260 _aNEW DELHI
_bJohn Wiley
_c2007
300 _aXVII;885
500 _aQuantity Number: 3
650 _aComp-Sc
700 _a"Robert Reimann , David Cronin,,,"
942 _cBK
999 _c40919
_d40919